Elements of regional economics /

Guardado en:
Autor Principal: Richardson, Harry W., 1938-
Formato: Libro
Idioma:English
Publicado: Middlesex : Penguin book, 1969.
Series:Penguin modern economics texts
Materias:
Etiquetas: Agregar Etiqueta
Sin Etiquetas, Sea el primero en etiquetar este registro!
LEADER 00663nam a22001935a 4500
001 EEO.eeo002913
008 170929s1969####enk####g#b####000#0#eng#d
005 20170929115829.0
245 1 0 |a Elements of regional economics /  |c Harry W. Richardson. 
260 |a Middlesex :  |b Penguin book,  |c 1969. 
300 |a 166 p. 
490 1 |a Penguin modern economics texts 
504 |a Bibliografía: p. 153-160. 
100 1 |a Richardson, Harry W.,  |d 1938- 
830 0 |a Penguin modern economics texts 
650 7 |a Economía regional.  |2 Isoc 
650 7 |a Desarrollo regional.  |2 Isoc 
650 7 |a Planificación regional.  |2 Isoc 
859 |a AR-BaUEB  |b BIB. ECONOMIA - General  |h 338.9  |i R394  |p e03707